MARC details
| 000 -LEADER |
| fixed length control field |
01744nam a2200265 a 4500 |
| 008 - FIXED-LENGTH DATA ELEMENTS--GENERAL INFORMATION |
| fixed length control field |
110908s1991 ||||||||||||||||| || u |
| 020 ## - INTERNATIONAL STANDARD BOOK NUMBER |
| International Standard Book Number |
0827345313 |
| 050 ## - LIBRARY OF CONGRESS CALL NUMBER |
| Classification number |
RC 952 Heg |
| 100 ## - MAIN ENTRY--PERSONAL NAME |
| Personal name |
Hegner, Barbara R |
| 245 10 - TITLE STATEMENT |
| Title |
Geriatrics: a study of maturity.-- 5th ed. |
| Statement of responsibility, etc. |
Barbara R. Hegner, Esther Caldwell; contributor, Carol Ann Mitchell |
| 250 ## - EDITION STATEMENT |
| Edition statement |
5th ed. |
| 260 ## - PUBLICATION, DISTRIBUTION, ETC. |
| Place of publication, distribution, etc. |
Albany, New York |
| Name of publisher, distributor, etc. |
Delmar Publishers |
| Date of publication, distribution, etc. |
1991 |
| 300 ## - PHYSICAL DESCRIPTION |
| Extent |
xiv, 575p. : ill. |
| 350 ## - |
| -- |
0.00 |
| 650 ## - SUBJECT ADDED ENTRY--TOPICAL TERM |
| Topical term or geographic name entry element |
GERIATRICS |
| 650 ## - SUBJECT ADDED ENTRY--TOPICAL TERM |
| Topical term or geographic name entry element |
AGING |
| 650 ## - SUBJECT ADDED ENTRY--TOPICAL TERM |
| Topical term or geographic name entry element |
MEDICINE |
| 700 ## - ADDED ENTRY--PERSONAL NAME |
| Personal name |
Caldwell, Esther |
| 995 ## - |
| -- |
MEDICAL LIBRARY OPEN ACCESS |
| -- |
0.00 |
| -- |
900601 |
| -- |
CBU-SCHOOL OF MEDICINE LIBRARY (Ndola) |
| -- |
1 |
| -- |
0.00 |
| -- |
RC 952 Heg. |
| -- |
3 |
| -- |
AVAILABLE |
| -- |
Oct 17, 2011 |
| -- |
900601 |
| -- |
Medical Library Open Access Collection |
| 995 ## - |
| -- |
MEDICAL LIBRARY OPEN ACCESS |
| -- |
0.00 |
| -- |
900602 |
| -- |
CBU-SCHOOL OF MEDICINE LIBRARY (Ndola) |
| -- |
1 |
| -- |
0.00 |
| -- |
RC 952 Heg. |
| -- |
4 |
| -- |
AVAILABLE |
| -- |
Oct 17, 2011 |
| -- |
900602 |
| -- |
Medical Library Open Access Collection |
| 995 ## - |
| -- |
MEDICAL LIBRARY OPEN ACCESS |
| -- |
0.00 |
| -- |
900604 |
| -- |
CBU-SCHOOL OF MEDICINE LIBRARY (Ndola) |
| -- |
1 |
| -- |
0.00 |
| -- |
RC 952 Heg. |
| -- |
6 |
| -- |
AVAILABLE |
| -- |
Oct 17, 2011 |
| -- |
900604 |
| -- |
Medical Library Open Access Collection |
| 995 ## - |
| -- |
MEDICAL LIBRARY OPEN ACCESS |
| -- |
0.00 |
| -- |
900603 |
| -- |
CBU-SCHOOL OF MEDICINE LIBRARY (Ndola) |
| -- |
1 |
| -- |
0.00 |
| -- |
RC 952 Heg. |
| -- |
5 |
| -- |
AVAILABLE |
| -- |
Oct 17, 2011 |
| -- |
900603 |
| -- |
Medical Library Open Access Collection |
| 995 ## - |
| -- |
MEDICAL LIBRARY OPEN ACCESS |
| -- |
0.00 |
| -- |
900599 |
| -- |
CBU-SCHOOL OF MEDICINE LIBRARY (Ndola) |
| -- |
1 |
| -- |
0.00 |
| -- |
RC 952 Heg. |
| -- |
1 |
| -- |
AVAILABLE |
| -- |
Oct 17, 2011 |
| -- |
900599 |
| -- |
Medical Library Open Access Collection |
| 995 ## - |
| -- |
MEDICAL LIBRARY OPEN ACCESS |
| -- |
0.00 |
| -- |
900600 |
| -- |
CBU-SCHOOL OF MEDICINE LIBRARY (Ndola) |
| -- |
1 |
| -- |
0.00 |
| -- |
RC 952 Heg. |
| -- |
2 |
| -- |
AVAILABLE |
| -- |
Oct 17, 2011 |
| -- |
900600 |
| -- |
Medical Library Open Access Collection |
| 999 ## - |
| -- |
63901 |
| -- |
63901 |